| 000 | 01630nam a2200229Ia 4500 | ||
|---|---|---|---|
| 003 | Ost | ||
| 005 | 20260507075241.0 | ||
| 008 | 260507s9999||||xx |||||||||||||| ||und|| | ||
| 040 | _cfsecg | ||
| 041 | _aara | ||
| 082 | _a330 | ||
| 100 |
_aربيع، محمد عبد العزيز _eمؤلف |
||
| 245 | 0 |
_aالقيادة و صنع التاريخ / _c محمد عبد العزيز ربيع |
|
| 260 |
_aعمان: _bدروب للنشر, _c2010 |
||
| 300 |
_a220 صفحة؛ _c24 سم |
||
| 520 | _aالقادة و التاريخ ، القيادات التاريخية و القيادات الصدفة، القيادة الفردية و القيادة المؤسسية ، مصاد ر الشرعية السياسية ، الديمقراطية و القيادة السياسية ، الرئيس بوش و الرئاسة الأمريكية ،الخوف و سياسة التخويف ، ثقافة الخوف و الحرب على الارهاب ، عبقرية الفشل ، الإيديولوجيا و عبقرية الفشل ، التطور التارخي للعمليات المجتمعية ، العمليات المجتمعية و صنع التاريخ ، النهج التاريخي للتطور المجتمعي ، الفكرة الإيديولوجية و الأزمات المجتمعية ،بداية الحرب و نهاية السلام ، مستقبل القيادة التاريخية ، القيادة السياسية وروح العصر . | ||
| 653 | _aالتاريخ | ||
| 653 | _aالقيادة | ||
| 653 | _aالقيادة السياسية | ||
| 653 | _aالقيادة- التاريخية | ||
| 942 | _cكتاب | ||
| 999 |
_c43619 _d43619 |
||